[Event "14. Obert Int. Sant Marti 2012 - B"]
[Site "Barcelona ESP"]
[Date "2012.07.15"]
[Round "3.1"]
[White "Barragan Hernandez, Manel"]
[Black "Castrillo Mansego, Pablo"]
[Result "0-1"]
[WhiteElo "1832"]
[BlackElo "1969"]
[PlyCount "112"]
[EventDate "2012.07.13"]
[EventType "swiss"]
[EventRounds "9"]
[EventCountry "ESP"]
[SourceTitle "Ajedrez en Madrid"]
[Source "lmi"]
[SourceDate "2012.07.13"]
[SourceVersion "1"]
[SourceVersionDate "2019.06.21"]
[SourceQuality "1"]

1. e4 c5 2. Nf3 Nc6 3. d4 cxd4 4. Nxd4 Qb6 5. Nb3 Nf6 6. Nc3 d6 7. Be3 Qc7 8.
f3 g6 9. Nb5 Qd8 10. N5d4 Bg7 11. Bb5 Bd7 12. O-O O-O 13. Nxc6 Bxc6 14. Bxc6
bxc6 15. c3 Nd7 16. Qd2 Ne5 17. Qe2 c5 18. Rfd1 Qc8 19. Nd2 Rb8 20. Rab1 Rb6
21. Nc4 Qa6 22. b3 Rfb8 23. Rbc1 Nxc4 24. bxc4 Rb2 25. Rd2 Qxa2 26. Rcc2 Rxc2
27. Rxc2 Qa1+ 28. Rc1 Rb1 29. Qc2 Rxc1+ 30. Qxc1 Qxc1+ 31. Bxc1 Bxc3 32. Kf2
Kf8 33. Ke3 Ke8 34. Kd3 Bd4 35. Kc2 Kd7 36. Kb3 Kc6 37. Ka4 Bc3 38. Kb3 Bb4 39.
Bb2 e6 40. Bf6 a5 41. g4 d5 42. Be5 d4 43. Bf4 f5 44. h3 d3 45. Be5 a4+ 46. Kb2
a3+ 47. Kb3 Kb6 48. Bf6 Ka6 49. Be5 d2 50. Kc2 Ka5 51. gxf5 gxf5 52. exf5 exf5
53. f4 Ka4 54. h4 h5 55. Bc3 Bxc3 56. Kxc3 a2 0-1

[Event "14. Obert Int. Sant Marti 2012 - B"]
[Site "Barcelona ESP"]
[Date "2012.07.15"]
[Round "3.2"]
[White "Pariente Lopez, Eduard"]
[Black "Poyato Ruiz, Fernando"]
[Result "1/2-1/2"]
[WhiteElo "1979"]
[BlackElo "1822"]
[PlyCount "100"]
[EventDate "2012.07.13"]
[EventType "swiss"]
[EventRounds "9"]
[EventCountry "ESP"]
[SourceTitle "Ajedrez en Madrid"]
[Source "lmi"]
[SourceDate "2012.07.13"]
[SourceVersion "1"]
[SourceVersionDate "2019.06.21"]
[SourceQuality "1"]

1. e4 e6 2. d4 d5 3. Nd2 Nf6 4. e5 Nfd7 5. Bd3 c5 6. c3 Nc6 7. Ne2 cxd4 8. cxd4
Be7 9. Nf3 O-O 10. Qc2 f5 11. a3 Nb6 12. Bd2 Bd7 13. Rc1 Rc8 14. Qb1 Be8 15.
Nf4 Qd7 16. h4 Nd8 17. g4 g6 18. g5 Nc4 19. Bxc4 Rxc4 20. Rxc4 dxc4 21. h5 Qb5
22. hxg6 hxg6 23. Qc2 Qb3 24. Qxb3 cxb3 25. d5 exd5 26. Nxd5 Bc5 27. Nf6+ Kf7
28. Rh7+ Ke6 29. Nxe8 Rxe8 30. Rg7 Bxa3 31. Rxg6+ Kd5 32. Bc3 Bc5 33. Ke2 Ne6
34. Rf6 b5 35. Rxf5 b4 36. Bd2 Nd4+ 37. Nxd4 Bxd4 38. Bc1 Rxe5+ 39. Rxe5+ Kxe5
40. f3 a5 41. Kd3 Kd5 42. f4 a4 43. f5 Bc5 44. f6 Ke5 45. Kc4 Bf8 46. Bd2 a3
47. Kxb3 axb2 48. Kxb2 Kf5 49. Kb3 Bd6 50. Bxb4 Kxg5 1/2-1/2

[Event "14. Obert Int. Sant Marti 2012 - B"]
[Site "Barcelona ESP"]
[Date "2012.07.15"]
[Round "3.3"]
[White "Escofet Llongueras, Joan"]
[Black "Santolaria Pena, M.."]
[Result "0-1"]
[WhiteElo "1828"]
[BlackElo "1931"]
[PlyCount "82"]
[EventDate "2012.07.13"]
[EventType "swiss"]
[EventRounds "9"]
[EventCountry "ESP"]
[SourceTitle "Ajedrez en Madrid"]
[Source "lmi"]
[SourceDate "2012.07.13"]
[SourceVersion "1"]
[SourceVersionDate "2019.06.21"]
[SourceQuality "1"]

1. c4 Nf6 2. Nc3 d5 3. cxd5 Nxd5 4. g3 c6 5. Bg2 g6 6. Nf3 Bg7 7. O-O O-O 8. e4
Nxc3 9. dxc3 Bg4 10. h3 Bxf3 11. Qxf3 Qc7 12. Be3 Nd7 13. Rad1 Ne5 14. Qe2 b5
15. f4 Nc4 16. Bc5 Rfd8 17. b3 Nb6 18. Bd4 e5 19. fxe5 Bxe5 20. Bxe5 Qxe5 21.
Qf3 Qe7 22. Kh2 Rxd1 23. Rxd1 Rd8 24. Rxd8+ Qxd8 25. e5 c5 26. Qc6 Qc8 27. Qxb5
Nd7 28. Qa4 Qc7 29. e6 fxe6 30. Qe4 Kf7 31. Qa8 Nf6 32. b4 h5 33. a4 Ke7 34.
bxc5 h4 35. Qf3 Nh5 36. Qg4 hxg3+ 37. Kh1 Qe5 38. Be4 Qxc3 39. Qd1 Qxc5 40.
Bxg6 Qc6+ 41. Kg1 Nf4 0-1

[Event "14. Obert Int. Sant Marti 2012 - B"]
[Site "Barcelona ESP"]
[Date "2012.07.15"]
[Round "3.5"]
[White "Casset Bello, Elena"]
[Black "Saez Coma, Alejandro"]
[Result "1/2-1/2"]
[WhiteElo "1920"]
[BlackElo "1817"]
[PlyCount "44"]
[EventDate "2012.07.13"]
[EventType "swiss"]
[EventRounds "9"]
[EventCountry "ESP"]
[SourceTitle "Ajedrez en Madrid"]
[Source "lmi"]
[SourceDate "2012.07.13"]
[SourceVersion "1"]
[SourceVersionDate "2019.06.21"]
[SourceQuality "1"]

1. d4 Nf6 2. c4 e5 3. dxe5 Ng4 4. Bf4 Nc6 5. Nf3 Bb4+ 6. Nbd2 Qe7 7. e3 Ngxe5
8. Nxe5 Nxe5 9. Be2 O-O 10. a3 Bxd2+ 11. Qxd2 d6 12. O-O b6 13. Rac1 Bb7 14.
Rfd1 Rfe8 15. Bxe5 Qxe5 16. Qd4 Qg5 17. Qg4 Re5 18. Qxg5 Rxg5 19. f3 Re8 20.
Kf2 Rge5 21. Rc3 f6 22. Rd2 Kf7 1/2-1/2

[Event "14. Obert Int. Sant Marti 2012 - B"]
[Site "Barcelona ESP"]
[Date "2012.07.15"]
[Round "3.6"]
[White "Torrents Senal, Marc"]
[Black "Colom Andres, Xavier"]
[Result "1/2-1/2"]
[WhiteElo "1818"]
[BlackElo "1912"]
[PlyCount "58"]
[EventDate "2012.07.13"]
[EventType "swiss"]
[EventRounds "9"]
[EventCountry "ESP"]
[SourceTitle "Ajedrez en Madrid"]
[Source "lmi"]
[SourceDate "2012.07.13"]
[SourceVersion "1"]
[SourceVersionDate "2019.06.21"]
[SourceQuality "1"]

1. d4 d5 2. c4 c6 3. Nc3 Nf6 4. cxd5 cxd5 5. Bf4 Nc6 6. Nf3 a6 7. e3 Bg4 8. Rc1
e6 9. Qa4 Bxf3 10. gxf3 Rc8 11. Be2 Bd6 12. Bg3 O-O 13. Kf1 e5 14. dxe5 Bxe5
15. Bxe5 Nxe5 16. Rd1 Qb6 17. Qc2 Qe6 18. Kg2 Nc4 19. b3 Nd6 20. Qd2 Nf5 21.
Nxd5 Nh4+ 22. Kg3 Nf5+ 23. Kg2 Nh5 24. h3 Rfe8 25. f4 Nh4+ 26. Kh2 Qe4 27. Rhg1
Nf3+ 28. Bxf3 Qxf3 29. Rg2 Qe4 1/2-1/2

[Event "14. Obert Int. Sant Marti 2012 - B"]
[Site "Barcelona ESP"]
[Date "2012.07.15"]
[Round "3.7"]
[White "Lozano Diaz, Antoni"]
[Black "Gonzalez Garcia, Sergi"]
[Result "1-0"]
[WhiteElo "1893"]
[BlackElo "1810"]
[PlyCount "69"]
[EventDate "2012.07.13"]
[EventType "swiss"]
[EventRounds "9"]
[EventCountry "ESP"]
[SourceTitle "Ajedrez en Madrid"]
[Source "lmi"]
[SourceDate "2012.07.13"]
[SourceVersion "1"]
[SourceVersionDate "2019.06.21"]
[SourceQuality "1"]

1. e4 e5 2. Nf3 Nc6 3. d4 exd4 4. Bc4 Nf6 5. e5 d5 6. Bb5 Ne4 7. Nxd4 Bd7 8.
Bxc6 bxc6 9. O-O Be7 10. f3 Ng5 11. f4 Ne4 12. f5 c5 13. Nb3 Bb5 14. Rf3 f6 15.
e6 Ng5 16. Rg3 O-O 17. Nc3 Be8 18. Nxd5 Bd6 19. Re3 c6 20. e7 Bxh2+ 21. Kh1 Qd6
22. exf8=Q+ Kxf8 23. Nc3 Qc7 24. Nxc5 Be5 25. Rd3 Kg8 26. Bxg5 fxg5 27. Ne6 Qe7
28. Rd8 g4 29. Rxa8 Qh4+ 30. Kg1 Qh2+ 31. Kf1 Qh1+ 32. Ke2 Qxg2+ 33. Kd3 Qg3+
34. Kc4 Kf7 35. Rxe8 1-0

[Event "14. Obert Int. Sant Marti 2012 - B"]
[Site "Barcelona ESP"]
[Date "2012.07.15"]
[Round "3.10"]
[White "Beaskoa Estany, Gabriel"]
[Black "Dayan Sutton, Isaac"]
[Result "0-1"]
[WhiteElo "1809"]
[BlackElo "1891"]
[PlyCount "102"]
[EventDate "2012.07.13"]
[EventType "swiss"]
[EventRounds "9"]
[EventCountry "ESP"]
[SourceTitle "Ajedrez en Madrid"]
[Source "lmi"]
[SourceDate "2012.07.13"]
[SourceVersion "1"]
[SourceVersionDate "2019.06.21"]
[SourceQuality "1"]

1. e4 e5 2. Nf3 Nc6 3. d4 exd4 4. Nxd4 Bc5 5. Nxc6 Qf6 6. Qf3 dxc6 7. Qxf6 Nxf6
8. f3 Be6 9. Nc3 h6 10. Bd2 O-O-O 11. a3 Bf2+ 12. Ke2 Bd4 13. Be3 Bxc3 14. bxc3
Bc4+ 15. Kf2 Bxf1 16. Rhxf1 Rd7 17. Rfd1 Rhd8 18. Rxd7 Rxd7 19. Ke2 Ne8 20. Bd4
b6 21. a4 c5 22. Be5 Kb7 23. h4 Kc6 24. g4 Re7 25. Bg3 Rd7 26. g5 h5 27. Be5
Kb7 28. Ke3 Ka6 29. Bg3 Ka5 30. e5 g6 31. Be1 c4 32. Ke4 Ng7 33. f4 c6 34. Kf3
Rd5 35. Ke4 Ka6 36. Ke3 Kb7 37. Ke4 Kc7 38. Rb1 Nf5 39. Rb4 Rd1 40. Bf2 Rf1 41.
Kf3 Nxh4+ 42. Ke2 Rh1 43. Rxc4 Nf5 44. Re4 Kd7 45. a5 Ra1 46. axb6 axb6 47.
Bxb6 Ng3+ 48. Kf3 Nxe4 49. Kxe4 Rf1 50. Ke3 h4 51. Ke2 Rxf4 0-1

[Event "14. Obert Int. Sant Marti 2012 - B"]
[Site "Barcelona ESP"]
[Date "2012.07.15"]
[Round "3.11"]
[White "Liarte Genoves, Sergi"]
[Black "Ligero Martinez, Jesus"]
[Result "0-1"]
[WhiteElo "1799"]
[BlackElo "1877"]
[PlyCount "78"]
[EventDate "2012.07.13"]
[EventType "swiss"]
[EventRounds "9"]
[EventCountry "ESP"]
[SourceTitle "Ajedrez en Madrid"]
[Source "lmi"]
[SourceDate "2012.07.13"]
[SourceVersion "1"]
[SourceVersionDate "2019.06.21"]
[SourceQuality "1"]

1. e4 c5 2. Nc3 Nc6 3. Bc4 g6 4. f4 Bg7 5. Nf3 e6 6. d3 Nge7 7. O-O O-O 8. Qe1
d5 9. Bb3 Nd4 10. Nxd4 cxd4 11. Ne2 dxe4 12. dxe4 d3 13. cxd3 Qxd3 14. Ng3 Bd4+
15. Kh1 a5 16. Rf3 Qb5 17. Qe2 Qxe2 18. Nxe2 Bg7 19. Rd3 b5 20. Rb1 Bb7 21. Ng3
Rfd8 22. Rd1 Rxd1+ 23. Bxd1 Rd8 24. Be2 Rd4 25. Bf3 Nc6 26. b3 Nb4 27. Bb2 Rd2
28. Bxg7 Kxg7 29. a3 Nd3 30. Be2 Nf2+ 31. Kg1 Nxe4 32. Bf3 Nc3 33. Rc1 Bxf3 34.
gxf3 Rd3 35. Kg2 Nd5 36. f5 exf5 37. Rc5 Nf4+ 38. Kf1 Rxf3+ 39. Kg1 Rxb3 0-1

[Event "14. Obert Int. Sant Marti 2012 - B"]
[Site "Barcelona ESP"]
[Date "2012.07.15"]
[Round "3.12"]
[White "Gisbert Mir, Alejandro"]
[Black "Cuxart Taltavull, Albert"]
[Result "1-0"]
[WhiteElo "1788"]
[BlackElo "1872"]
[PlyCount "105"]
[EventDate "2012.07.13"]
[EventType "swiss"]
[EventRounds "9"]
[EventCountry "ESP"]
[SourceTitle "Ajedrez en Madrid"]
[Source "lmi"]
[SourceDate "2012.07.13"]
[SourceVersion "1"]
[SourceVersionDate "2019.06.21"]
[SourceQuality "1"]

1. d4 d5 2. c4 c6 3. Nf3 Nf6 4. Nc3 Bf5 5. Qb3 Qb6 6. Qxb6 axb6 7. cxd5 cxd5 8.
Bf4 e6 9. e3 Bb4 10. Bb5+ Ke7 11. O-O Nc6 12. Nh4 Bg6 13. Nxg6+ hxg6 14. Be2
Kd7 15. h3 Rhc8 16. Nb5 Ne4 17. f3 Nd6 18. Rfc1 Nxb5 19. Bxb5 Kd8 20. a3 Bf8
21. Rc3 Na7 22. Bd3 Rxc3 23. bxc3 Nc8 24. a4 Bd6 25. Bg5+ Kc7 26. e4 dxe4 27.
fxe4 Ra5 28. e5 Be7 29. Bd2 Kd8 30. Bb5 Ra8 31. c4 Na7 32. Bc3 Nxb5 33. axb5
Rxa1+ 34. Bxa1 Bb4 35. Kf2 Ke7 36. Ke3 f6 37. Bb2 Kf7 38. Ke4 Bd2 39. Ba3 f5+
40. Kd3 Ba5 41. Bd6 Ke8 42. d5 exd5 43. cxd5 g5 44. e6 g6 45. Ba3 Be1 46. Kd4
Bg3 47. d6 Bh2 48. Kd5 Bg3 49. Bb2 g4 50. hxg4 Bh4 51. gxf5 gxf5 52. Bd4 f4 53.
Bxb6 1-0

[Event "14. Obert Int. Sant Marti 2012 - B"]
[Site "Barcelona ESP"]
[Date "2012.07.16"]
[Round "4.1"]
[White "Castrillo Mansego, Pablo"]
[Black "Ligero Martinez, Jesus"]
[Result "1-0"]
[WhiteElo "1969"]
[BlackElo "1877"]
[PlyCount "65"]
[EventDate "2012.07.13"]
[EventType "swiss"]
[EventRounds "9"]
[EventCountry "ESP"]
[SourceTitle "Ajedrez en Madrid"]
[Source "lmi"]
[SourceDate "2012.07.13"]
[SourceVersion "1"]
[SourceVersionDate "2019.06.21"]
[SourceQuality "1"]

1. e4 c5 2. d4 cxd4 3. c3 Nf6 4. e5 Nd5 5. cxd4 e6 6. Nf3 Nc6 7. Nc3 Nb6 8. Bd3
d5 9. O-O Be7 10. Be3 a6 11. Rc1 Bd7 12. Bb1 Rc8 13. b3 Ba3 14. Ne2 Bxc1 15.
Bxc1 Qe7 16. Re1 h6 17. Ng3 Rg8 18. Nh5 Qf8 19. Qd3 Kd8 20. Bd2 Kc7 21. Rc1 Kb8
22. a4 Qa3 23. Qe3 Nb4 24. Rxc8+ Rxc8 25. a5 Na8 26. Nxg7 Bb5 27. h4 Qa1 28.
Qe1 Nd3 29. Bxd3 Qxe1+ 30. Nxe1 Bxd3 31. Nxd3 Rc2 32. Bxh6 Rc3 33. Nc5 1-0

[Event "14. Obert Int. Sant Marti 2012 - B"]
[Site "Barcelona ESP"]
[Date "2012.07.16"]
[Round "4.2"]
[White "Santolaria Pena, M.."]
[Black "Gisbert Mir, Alejandro"]
[Result "0-1"]
[WhiteElo "1931"]
[BlackElo "1788"]
[PlyCount "98"]
[EventDate "2012.07.13"]
[EventType "swiss"]
[EventRounds "9"]
[EventCountry "ESP"]
[SourceTitle "Ajedrez en Madrid"]
[Source "lmi"]
[SourceDate "2012.07.13"]
[SourceVersion "1"]
[SourceVersionDate "2019.06.21"]
[SourceQuality "1"]

1. d4 Nf6 2. Nf3 e6 3. e3 c5 4. c3 Be7 5. Bd3 d5 6. Nbd2 O-O 7. O-O Nc6 8. Qe2
Qc7 9. dxc5 Bxc5 10. e4 Bd6 11. Re1 Ng4 12. h3 Nge5 13. Bc2 b6 14. exd5 exd5
15. Ba4 Bf5 16. Qb5 Be6 17. Ng5 h6 18. Nxe6 fxe6 19. Nf1 Bc5 20. Be3 Bxe3 21.
Nxe3 a6 22. Qe2 b5 23. Bc2 Rf6 24. Ng4 Nxg4 25. hxg4 Qb6 26. Kf1 Raf8 27. f3 e5
28. Qd3 Qc5 29. Bb3 Rd8 30. Rad1 Rfd6 31. Qe2 Kh8 32. Bc2 e4 33. f4 Qc4 34.
Qxc4 bxc4 35. Rd2 Kg8 36. Kf2 Rf6 37. Rxe4 dxe4 38. Rxd8+ Nxd8 39. Bxe4 Rxf4+
40. Ke3 Rxg4 41. Bd5+ Kf8 42. Kf3 h5 43. b3 cxb3 44. axb3 Ke7 45. Ke3 a5 46.
Bf3 Rg5 47. Kd4 Kd6 48. c4 Ne6+ 49. Kc3 Rg3 0-1

[Event "14. Obert Int. Sant Marti 2012 - B"]
[Site "Barcelona ESP"]
[Date "2012.07.16"]
[Round "4.3"]
[White "Cervello I Tost, Roger"]
[Black "Lozano Diaz, Antoni"]
[Result "1/2-1/2"]
[WhiteElo "1842"]
[BlackElo "1893"]
[PlyCount "74"]
[EventDate "2012.07.13"]
[EventType "swiss"]
[EventRounds "9"]
[EventCountry "ESP"]
[SourceTitle "Ajedrez en Madrid"]
[Source "lmi"]
[SourceDate "2012.07.13"]
[SourceVersion "1"]
[SourceVersionDate "2019.06.21"]
[SourceQuality "1"]

1. e4 c6 2. d4 d5 3. Nc3 dxe4 4. Nxe4 Bf5 5. Ng3 Bg6 6. h4 h6 7. Nf3 Nd7 8. h5
Bh7 9. Bd3 Bxd3 10. Qxd3 e6 11. Bf4 Qa5+ 12. Bd2 Bb4 13. c3 Be7 14. Qe2 Ngf6
15. Ne4 Nxe4 16. Qxe4 Nf6 17. Qc2 Qd5 18. c4 Qe4+ 19. Qxe4 Nxe4 20. Ne5 Nxd2
21. Kxd2 Rd8 22. Kc3 c5 23. dxc5 Bxc5 24. Rad1 Ke7 25. f3 Rd6 26. b4 Rhd8 27.
Rxd6 Bxd6 28. Re1 Bxe5+ 29. Rxe5 Rd7 30. Re4 Rd1 31. Rd4 Re1 32. a4 f5 33. c5
Ra1 34. b5 Rc1+ 35. Kb4 Rb1+ 36. Ka5 Rc1 37. Kb4 Rb1+ 1/2-1/2

[Event "14. Obert Int. Sant Marti 2012 - B"]
[Site "Barcelona ESP"]
[Date "2012.07.16"]
[Round "4.4"]
[White "Dayan Sutton, Isaac"]
[Black "Calderon Alzate, Ivan Alejandro"]
[Result "1-0"]
[WhiteElo "1891"]
[BlackElo "1764"]
[PlyCount "29"]
[EventDate "2012.07.13"]
[EventType "swiss"]
[EventRounds "9"]
[EventCountry "ESP"]
[SourceTitle "Ajedrez en Madrid"]
[Source "lmi"]
[SourceDate "2012.07.13"]
[SourceVersion "1"]
[SourceVersionDate "2019.06.21"]
[SourceQuality "1"]

1. e4 c5 2. Nf3 d6 3. d4 cxd4 4. Nxd4 Nf6 5. Nc3 a6 6. Be3 e5 7. Nb3 Be7 8. f3
Be6 9. Qd2 Nbd7 10. O-O-O b5 11. g4 Nb6 12. Kb1 Rc8 13. g5 b4 14. gxf6 gxf6 15.
Nd5 1-0

[Event "14. Obert Int. Sant Marti 2012 - B"]
[Site "Barcelona ESP"]
[Date "2012.07.16"]
[Round "4.5"]
[White "Llopis Jordan, Lluis"]
[Black "Pariente Lopez, Eduard"]
[Result "1/2-1/2"]
[WhiteElo "1754"]
[BlackElo "1979"]
[PlyCount "39"]
[EventDate "2012.07.13"]
[EventType "swiss"]
[EventRounds "9"]
[EventCountry "ESP"]
[SourceTitle "Ajedrez en Madrid"]
[Source "lmi"]
[SourceDate "2012.07.13"]
[SourceVersion "1"]
[SourceVersionDate "2019.06.21"]
[SourceQuality "1"]

1. d4 c5 2. d5 d6 3. c4 Nf6 4. Nc3 e6 5. e4 exd5 6. exd5 g6 7. Bd3 Bg7 8. Qe2+
Kd7 9. Qc2 Re8+ 10. Nge2 Ke7 11. Bf4 Nh5 12. Bg3 Kf8 13. O-O-O a6 14. Kb1 Qc7
15. Ne4 Be5 16. f4 Bg7 17. Rde1 Bf5 18. N2c3 Nd7 19. Ng5 Bxd3 20. Qxd3 1/2-1/2

[Event "14. Obert Int. Sant Marti 2012 - B"]
[Site "Barcelona ESP"]
[Date "2012.07.16"]
[Round "4.6"]
[White "Barba Rios, Enric"]
[Black "Vargas Ramirez, Ana Maria"]
[Result "0-1"]
[WhiteElo "1967"]
[BlackElo "1831"]
[PlyCount "68"]
[EventDate "2012.07.13"]
[EventType "swiss"]
[EventRounds "9"]
[EventCountry "ESP"]
[SourceTitle "Ajedrez en Madrid"]
[Source "lmi"]
[SourceDate "2012.07.13"]
[SourceVersion "1"]
[SourceVersionDate "2019.06.21"]
[SourceQuality "1"]

1. e4 c6 2. d4 d5 3. e5 c5 4. c3 Nc6 5. Nf3 Bg4 6. Bb5 e6 7. a3 c4 8. Bf4 Qb6
9. Qa4 Nge7 10. Nbd2 Rc8 11. O-O a6 12. Bxc6+ Nxc6 13. b3 cxb3 14. Nxb3 Bf5 15.
Rfc1 Bd3 16. Nbd2 Qa7 17. Ne1 b5 18. Qd1 Bg6 19. Nb3 Be7 20. Nd3 O-O 21. Ndc5
a5 22. a4 b4 23. Be3 Rc7 24. f4 Rb8 25. Qf3 Bxc5 26. dxc5 bxc3 27. Rxc3 Be4 28.
Qf2 Rcb7 29. Nd4 Nxd4 30. Bxd4 Rb2 31. c6 Qc7 32. Qh4 Rxg2+ 33. Kf1 Qc8 34. c7
Qa6+ 0-1

[Event "14. Obert Int. Sant Marti 2012 - B"]
[Site "Barcelona ESP"]
[Date "2012.07.16"]
[Round "4.7"]
[White "Poyato Ruiz, Fernando"]
[Black "Perez Garcia, Jose Miguel"]
[Result "0-1"]
[WhiteElo "1822"]
[BlackElo "1967"]
[PlyCount "118"]
[EventDate "2012.07.13"]
[EventType "swiss"]
[EventRounds "9"]
[EventCountry "ESP"]
[SourceTitle "Ajedrez en Madrid"]
[Source "lmi"]
[SourceDate "2012.07.13"]
[SourceVersion "1"]
[SourceVersionDate "2019.06.21"]
[SourceQuality "1"]

1. d4 Nf6 2. c4 c5 3. Nf3 g6 4. Nc3 cxd4 5. Nxd4 Nc6 6. e4 d6 7. Be2 Bg7 8. Be3
O-O 9. O-O Bd7 10. Rc1 Nxd4 11. Bxd4 Bc6 12. f3 Nd7 13. Bxg7 Kxg7 14. Qd4+ f6
15. Nd5 Re8 16. Rfd1 Bxd5 17. cxd5 Qa5 18. b4 Qa4 19. Rc7 Rec8 20. Rdc1 Rxc7
21. Rxc7 Rb8 22. Qc3 Kf7 23. Qd2 Nf8 24. Bd1 Qb5 25. Qd4 Qb6 26. Qxb6 axb6 27.
Bb3 Ke8 28. Kf2 Kd8 29. Rc3 Nd7 30. f4 Rc8 31. Rxc8+ Kxc8 32. Ke3 Nb8 33. Kd4
Na6 34. a3 Nc7 35. Bc4 Kd7 36. Be2 Ke8 37. e5 fxe5+ 38. fxe5 Kf7 39. exd6 exd6
40. Ke4 Kf6 41. Bg4 Nb5 42. Bc8 Nxa3 43. Bxb7 Nc2 44. b5 Kg5 45. g3 Na3 46. Bc6
Nc4 47. Bd7 Ne5 48. Be6 Kf6 49. Kf4 Nd3+ 50. Ke3 Nc5 51. Bg4 Ke5 52. Bf3 Nd7
53. Kd3 Nf6 54. Kc4 g5 55. Bh1 Ng4 56. h4 gxh4 57. gxh4 Ne3+ 58. Kd3 Nxd5 59.
h5 Nf4+ 0-1

[Event "14. Obert Int. Sant Marti 2012 - B"]
[Site "Barcelona ESP"]
[Date "2012.07.16"]
[Round "4.8"]
[White "Saez Coma, Alejandro"]
[Black "Gonzalez Martin, Fernando"]
[Result "0-1"]
[WhiteElo "1817"]
[BlackElo "1925"]
[PlyCount "92"]
[EventDate "2012.07.13"]
[EventType "swiss"]
[EventRounds "9"]
[EventCountry "ESP"]
[SourceTitle "Ajedrez en Madrid"]
[Source "lmi"]
[SourceDate "2012.07.13"]
[SourceVersion "1"]
[SourceVersionDate "2019.06.21"]
[SourceQuality "1"]

1. d4 Nf6 2. Nf3 g6 3. Bf4 Bg7 4. Nc3 d5 5. Qd2 O-O 6. Ne5 c6 7. Bh6 Nfd7 8. h4
f6 9. Ng4 Rf7 10. h5 g5 11. e4 Nf8 12. Bxg7 Kxg7 13. Be2 h6 14. f4 dxe4 15.
fxg5 fxg5 16. Ne5 Rf4 17. g3 Rf5 18. O-O-O Nbd7 19. Ng6 Nf6 20. g4 Nxg6 21.
gxf5 Nf4 22. Rdg1 Kh7 23. Nd1 Bxf5 24. Ne3 Be6 25. Bg4 Qd7 26. Bxe6 Qxe6 27. b3
Rd8 28. Kb1 c5 29. d5 Qe5 30. Nc4 Qxd5 31. Qxd5 N6xd5 32. Kb2 b5 33. Ne5 b4 34.
Rd1 e6 35. Nc6 Rd7 36. Rhe1 e3 37. Ne5 Rc7 38. Nc4 e2 39. Rd2 Nc3 40. Ne3 Nxh5
41. Ng2 Nf4 42. Ne3 h5 43. a3 a5 44. Rd8 g4 45. Ra8 Rd7 46. Rxa5 Nd1+ 0-1

[Event "14. Obert Int. Sant Marti 2012 - B"]
[Site "Barcelona ESP"]
[Date "2012.07.16"]
[Round "4.11"]
[White "Garcia Lopez, Nicolas"]
[Black "Torrents Senal, Marc"]
[Result "1-0"]
[WhiteElo "1924"]
[BlackElo "1818"]
[PlyCount "81"]
[EventDate "2012.07.13"]
[EventType "swiss"]
[EventRounds "9"]
[EventCountry "ESP"]
[SourceTitle "Ajedrez en Madrid"]
[Source "lmi"]
[SourceDate "2012.07.13"]
[SourceVersion "1"]
[SourceVersionDate "2019.06.21"]
[SourceQuality "1"]

1. e4 d5 2. exd5 Qxd5 3. Nc3 Qa5 4. Bc4 Nf6 5. d3 c6 6. Bd2 Qc7 7. Qe2 Bf5 8.
h3 e6 9. g4 Bg6 10. f4 Be7 11. O-O-O Nbd7 12. Nf3 Nb6 13. Bb3 O-O-O 14. Ne5 Bd6
15. h4 Bxe5 16. fxe5 Nxg4 17. Qxg4 Qxe5 18. Bf4 Qf5 19. Rdg1 Qxg4 20. Rxg4 Rd4
21. Ne2 Bh5 22. Nxd4 Bxg4 23. Rg1 h5 24. Re1 Nd5 25. Bxd5 cxd5 26. Nb5 Kd7 27.
Nd6 f6 28. Nxb7 e5 29. Bd2 Bf3 30. Re3 Bg4 31. Re1 Bf3 32. Rg1 Bg4 33. b4 f5
34. Nc5+ Kd6 35. Be3 e4 36. d4 Rf8 37. Bf4+ Kc6 38. Kd2 Kb5 39. a4+ Kxb4 40.
Rb1+ Kc4 41. Na6 1-0

[Event "14. Obert Int. Sant Marti 2012 - B"]
[Site "Barcelona ESP"]
[Date "2012.07.16"]
[Round "4.12"]
[White "Albert Cristobal, Jorge"]
[Black "Casset Bello, Elena"]
[Result "0-1"]
[WhiteElo "1747"]
[BlackElo "1920"]
[PlyCount "96"]
[EventDate "2012.07.13"]
[EventType "swiss"]
[EventRounds "9"]
[EventCountry "ESP"]
[SourceTitle "Ajedrez en Madrid"]
[Source "lmi"]
[SourceDate "2012.07.13"]
[SourceVersion "1"]
[SourceVersionDate "2019.06.21"]
[SourceQuality "1"]

1. e4 e5 2. d4 exd4 3. Qxd4 Nc6 4. Qe3 Nf6 5. Nc3 Bb4 6. Bd2 O-O 7. O-O-O Re8
8. Qg3 Nxe4 9. Nxe4 Rxe4 10. c3 Be7 11. Bd3 Bh4 12. Qf3 Ra4 13. Bb1 d6 14. h3
Be6 15. Qd3 g6 16. b3 Ra5 17. g4 Bxf2 18. Nf3 Ne5 19. Qe2 Nxf3 20. Qxf3 Bh4 21.
c4 Bg5 22. h4 Bxd2+ 23. Rxd2 Re5 24. h5 Qg5 25. hxg6 fxg6 26. Qh3 h5 27. Qd3
Bxg4 28. Qxg6+ Qxg6 29. Bxg6 Kg7 30. Bd3 Rae8 31. Rhh2 a6 32. Rdg2 Kf6 33. Rf2+
Kg5 34. Rf7 R5e7 35. Rff2 Re3 36. Kc2 Rf3 37. Rd2 Ree3 38. Rhg2 Rg3 39. Rgf2
Rxd3 40. Rxd3 Rxd3 41. Kxd3 Kh4 42. Rf7 Kg3 43. Rxc7 h4 44. Rxb7 h3 45. Rb8 h2
46. Rh8 Bh3 47. Rg8+ Kf2 48. Rf8+ Ke1 0-1

[Event "14. Obert Int. Sant Marti 2012 - B"]
[Site "Barcelona ESP"]
[Date "2012.07.17"]
[Round "5.1"]
[White "Gisbert Mir, Alejandro"]
[Black "Castrillo Mansego, Pablo"]
[Result "1-0"]
[WhiteElo "1788"]
[BlackElo "1969"]
[PlyCount "61"]
[EventDate "2012.07.13"]
[EventType "swiss"]
[EventRounds "9"]
[EventCountry "ESP"]
[SourceTitle "Ajedrez en Madrid"]
[Source "lmi"]
[SourceDate "2012.07.13"]
[SourceVersion "1"]
[SourceVersionDate "2019.06.21"]
[SourceQuality "1"]

1. d4 e6 2. c4 d5 3. Nc3 Nf6 4. cxd5 exd5 5. Bg5 Be7 6. Qc2 c6 7. e3 Nbd7 8.
Bd3 Nf8 9. Nge2 Be6 10. O-O Ng4 11. Bxe7 Qxe7 12. h3 Nh6 13. Nf4 g5 14. Nxe6
Nxe6 15. f3 f6 16. Rae1 O-O 17. g4 Rf7 18. Ne2 Qd6 19. Kg2 f5 20. gxf5 Ng7 21.
e4 Nh5 22. e5 Qc7 23. f6 Kh8 24. Bf5 Nxf5 25. Qxf5 Rg8 26. Kh1 c5 27. Rg1 Qa5
28. f4 Qd2 29. fxg5 cxd4 30. e6 Rxf6 31. gxf6 1-0

[Event "14. Obert Int. Sant Marti 2012 - B"]
[Site "Barcelona ESP"]
[Date "2012.07.17"]
[Round "5.2"]
[White "Gonzalez Martin, Fernando"]
[Black "Dayan Sutton, Isaac"]
[Result "1/2-1/2"]
[WhiteElo "1925"]
[BlackElo "1891"]
[PlyCount "38"]
[EventDate "2012.07.13"]
[EventType "swiss"]
[EventRounds "9"]
[EventCountry "ESP"]
[SourceTitle "Ajedrez en Madrid"]
[Source "lmi"]
[SourceDate "2012.07.13"]
[SourceVersion "1"]
[SourceVersionDate "2019.06.21"]
[SourceQuality "1"]

1. d4 Nf6 2. c4 g6 3. Nf3 Bg7 4. g3 d6 5. Bg2 O-O 6. O-O c6 7. Nc3 Nbd7 8. b3
e5 9. Bb2 a5 10. Qd2 exd4 11. Nxd4 Nc5 12. Rac1 a4 13. Rfd1 axb3 14. axb3 Qb6
15. Qc2 Ng4 16. Na4 Nxa4 17. bxa4 c5 18. Nb5 Bxb2 19. Qxb2 Rxa4 1/2-1/2